<?xml version="1.0" encoding="UTF-8"?>
<record
    xmlns:xsi="http://www.w3.org/2001/XMLSchema-instance"
    xsi:schemaLocation="http://www.loc.gov/MARC21/slim http://www.loc.gov/standards/marcxml/schema/MARC21slim.xsd"
    xmlns="http://www.loc.gov/MARC21/slim">

  <leader>02766cam a2200421   4500</leader>
  <controlfield tag="001">1245377</controlfield>
  <controlfield tag="003">BDDh-ASL</controlfield>
  <controlfield tag="005">20231015031323.0</controlfield>
  <controlfield tag="008">710223m19701983enkbh    b    001 0 eng  </controlfield>
  <datafield tag="010" ind1=" " ind2=" ">
    <subfield code="a">   72129254 </subfield>
  </datafield>
  <datafield tag="015" ind1=" " ind2=" ">
    <subfield code="a">B70-17210 (v. 1)</subfield>
  </datafield>
  <datafield tag="020" ind1=" " ind2=" ">
    <subfield code="a">0115800166 (v. 1)</subfield>
  </datafield>
  <datafield tag="040" ind1=" " ind2=" ">
    <subfield code="a">DLC</subfield>
    <subfield code="c">BDDh-ASL</subfield>
    <subfield code="d">DLC</subfield>
    <subfield code="b">BDDh-ASL</subfield>
  </datafield>
  <datafield tag="043" ind1=" " ind2=" ">
    <subfield code="a">a-ii---</subfield>
  </datafield>
  <datafield tag="050" ind1="0" ind2="0">
    <subfield code="a">DS480.83</subfield>
    <subfield code="b">.T7</subfield>
  </datafield>
  <datafield tag="082" ind1="0" ind2="0">
    <subfield code="a">327.4205</subfield>
    <subfield code="b">CON </subfield>
  </datafield>
  <datafield tag="245" ind1="0" ind2="4">
    <subfield code="a">Constitutional Relations Between Britain and India: The Transfer of power 1942-7, Vol.-2, 'Quit India', 30 April - 21 September 1942 /</subfield>
    <subfield code="c">editor-in-chief Nicholas Mansergh, assistant editor E. W. R. Lumby.</subfield>
  </datafield>
  <datafield tag="260" ind1=" " ind2=" ">
    <subfield code="a">London: </subfield>
    <subfield code="b">H.M.S.O.,</subfield>
    <subfield code="c">1970-1983.</subfield>
  </datafield>
  <datafield tag="300" ind1=" " ind2=" ">
    <subfield code="a">v-2, 1043 p. : </subfield>
    <subfield code="b">facsims., col. maps.</subfield>
    <subfield code="c">28 cm.</subfield>
  </datafield>
  <datafield tag="350" ind1=" " ind2=" ">
    <subfield code="a">&#xA3;7/-/- (v. 1) varies</subfield>
  </datafield>
  <datafield tag="500" ind1=" " ind2=" ">
    <subfield code="a">At head of title: Constitutional relations between Britain and India.</subfield>
  </datafield>
  <datafield tag="500" ind1=" " ind2=" ">
    <subfield code="a">On spine: India; the transfer of power 1942-7.</subfield>
  </datafield>
  <datafield tag="500" ind1=" " ind2=" ">
    <subfield code="a">Unpublished documents drawn either from the official archives of the India Office in the custody of the India Office Records or from the private collections of the Viceregal papers in the India Office Library.</subfield>
  </datafield>
  <datafield tag="500" ind1=" " ind2=" ">
    <subfield code="a">Beginning with v. 5, assistant editor P. Moon.</subfield>
  </datafield>
  <datafield tag="504" ind1=" " ind2=" ">
    <subfield code="a">Includes bibliographical references.</subfield>
  </datafield>
  <datafield tag="505" ind1="0" ind2=" ">
    <subfield code="a">v. 1. The Cripps Mission, January-April 1942.--v. 2. Quit India, 30 April-21 September 1942.--v. 3. Reassertion of authority, Gandhi's fast, and the succession to the Viceroyalty, 21 September 1942-12 June 1943.--v. 4. The Bengal famine and the new Viceroyalty, 15 June 1943-31 August 1944.--v. 5. The Simla Conference, background and proceedings, 1 September 1944-28 July 1945.--v. 6. The post-war phase: new moves by the Labour Government, 1 August 1945-22 March 1946.--v. 7. The cabinet mission, 23 March-29 June 1946.--v. 8. The interim government, 3 July-1 November 1946.--v. 9. The fixing of a time limit, 4 November 1946-22 March 1947.--v. 10. The Mountbatten Viceroyalty, the formation of a plan, 22 March-30 May 1947.--v. 11. The Mountbatten Viceroyalty announcement and reception of the 3 June plan 31 May-7 July 1947.--v. 12. The Mountbatten Viceroyalty, princes, partition, and independence, 8 July-15 August 1947.</subfield>
  </datafield>
  <datafield tag="651" ind1=" " ind2="0">
    <subfield code="a">India</subfield>
    <subfield code="x">Politics and government</subfield>
    <subfield code="y">1919-1947</subfield>
    <subfield code="x">Sources.</subfield>
  </datafield>
  <datafield tag="651" ind1=" " ind2="0">
    <subfield code="a">India</subfield>
    <subfield code="x">History</subfield>
    <subfield code="y">British occupation, 1765-1947</subfield>
    <subfield code="x">Sources.</subfield>
  </datafield>
  <datafield tag="700" ind1="1" ind2=" ">
    <subfield code="a">Mansergh, Nicholas,</subfield>
    <subfield code="e">ed.</subfield>
  </datafield>
  <datafield tag="700" ind1="1" ind2=" ">
    <subfield code="a">Lumby, E. W. R.</subfield>
    <subfield code="q">(Esmond Walter Rawson),</subfield>
    <subfield code="e">ed.</subfield>
  </datafield>
  <datafield tag="700" ind1="1" ind2=" ">
    <subfield code="a">Moon, Penderel,</subfield>
    <subfield code="d">1905-</subfield>
  </datafield>
  <datafield tag="710" ind1="2" ind2=" ">
    <subfield code="a">India Office Records.</subfield>
  </datafield>
  <datafield tag="710" ind1="2" ind2=" ">
    <subfield code="a">India Office Library.</subfield>
  </datafield>
  <datafield tag="740" ind1=" " ind2=" ">
    <subfield code="a">Constitutional relations between Britain and India.</subfield>
  </datafield>
  <datafield tag="740" ind1=" " ind2=" ">
    <subfield code="a">India; the transfer of power 1942-7.</subfield>
  </datafield>
  <datafield tag="906" ind1=" " ind2=" ">
    <subfield code="a">7</subfield>
    <subfield code="b">cbc</subfield>
    <subfield code="c">orignew</subfield>
    <subfield code="d">4</subfield>
    <subfield code="e">ncip</subfield>
    <subfield code="f">19</subfield>
    <subfield code="g">y-gencatlg</subfield>
  </datafield>
  <datafield tag="942" ind1=" " ind2=" ">
    <subfield code="2">ddc</subfield>
    <subfield code="c">BK</subfield>
  </datafield>
  <datafield tag="952" ind1=" " ind2=" ">
    <subfield code="0">0</subfield>
    <subfield code="1">0</subfield>
    <subfield code="2">ddc</subfield>
    <subfield code="4">0</subfield>
    <subfield code="7">0</subfield>
    <subfield code="8">NFIC</subfield>
    <subfield code="a">ASL</subfield>
    <subfield code="b">ASL</subfield>
    <subfield code="c">GEN</subfield>
    <subfield code="d">2023-04-09</subfield>
    <subfield code="e">A Donation From Mahbub Alam</subfield>
    <subfield code="h">V-2</subfield>
    <subfield code="l">0</subfield>
    <subfield code="o">327.4205 CON </subfield>
    <subfield code="p">120593</subfield>
    <subfield code="r">2023-04-09 00:00:00</subfield>
    <subfield code="t">C-1</subfield>
    <subfield code="w">2023-04-09</subfield>
    <subfield code="y">BK</subfield>
    <subfield code="z">Y-1970</subfield>
  </datafield>
  <datafield tag="999" ind1=" " ind2=" ">
    <subfield code="c">31841</subfield>
    <subfield code="d">31841</subfield>
  </datafield>
</record>
